[Event "NOR-ch U20"]
[Site "Stavanger"]
[Date "2017.07.06"]
[Round "7"]
[White "Olsen, Ulrik"]
[Black "Keadana, Amir"]
[Result "1-0"]
[WhiteElo "1913"]
[BlackElo "1829"]
[PlyCount "120"]
[EventDate "2017.07.01"]
[EventType "swiss"]
[EventRounds "9"]
[EventCountry "NOR"]
[SourceTitle "EXT 2018"]
[Source "ChessBase"]
[SourceDate "2017.10.13"]
[SourceVersion "1"]
[SourceVersionDate "2017.10.13"]
[SourceQuality "1"]

1. Nf3 g6 2. g3 Bg7 3. Bg2 c5 4. d4 cxd4 5. Nxd4 Nc6 6. c3 Nf6 7. 0-0 0-0 8. e4 d6 9. Nxc6 bxc6 10. e5 dxe5 11. Qxd8 Rxd8 12. Bxc6 Rb8 13. Nd2 Nd5 14. Nb3 Rb6 15. Bxd5 Rxd5 16. Be3 Rb7 17. Rfd1 Be6 18. Rxd5 Bxd5 19. Rd1 Rd7 20. c4 Be6 21. Rxd7 Bxd7 22. Bxa7 Be6 23. Na5 e4 24. b3 Kf8 25. Bc5 Ke8 26. Nc6 Bf6 27. Nb4 Bg4 28. Nd5 Bd1 29. Ne3 Be2 30. a4 Kd7 31. a5 Kc6 32. a6 e6 33. b4 Be5 34. b5+ Kc7 35. b6+ Kc6 36. Nc2 Bc3 37. Nb4+ Bxb4 38. b7 Bxc5 39. b8Q Bxc4 40. a7 Bxa7 41. Qxa7 e5 42. Qe7 Be6 43. Qh4 e3 44. Qe4+ Kd6 45. Qxe3 h5 46. Qg5 e4 47. Qf6 Kd5 48. Kf1 e3 49. Qg5+ Kd6 50. Qxe3 Ke7 51. f3 Kf8 52. Qg5 Kg7 53. Ke2 Kg8 54. Ke3 Kg7 55. Kd4 Kf8 56. Ke5 Ke8 57. Kf6 Kd7 58. g4 hxg4 59. fxg4 Ke8 60. h4 Bxg4 1-0

[Event "NOR-ch U20"]
[Site "Stavanger"]
[Date "2017.07.03"]
[Round "3"]
[White "Olsen, Ulrik"]
[Black "Mikelsen, Mattis"]
[Result "1-0"]
[WhiteElo "1913"]
[BlackElo "1764"]
[PlyCount "83"]
[EventDate "2017.07.01"]
[EventType "swiss"]
[EventRounds "9"]
[EventCountry "NOR"]
[SourceTitle "EXT 2018"]
[Source "ChessBase"]
[SourceDate "2017.10.13"]
[SourceVersion "1"]
[SourceVersionDate "2017.10.13"]
[SourceQuality "1"]

1. e4 e5 2. Nf3 Nc6 3. Bb5 a6 4. Ba4 d6 5. c3 Bd7 6. 0-0 Nf6 7. Re1 b5 8. Bc2 Be7 9. d3 0-0 10. Nbd2 Re8 11. Nf1 Bf8 12. Ng3 g6 13. d4 Bg7 14. d5 Na5 15. b4 Nc4 16. a4 c6 17. Bb3 cxd5 18. Bxc4 dxe4 19. Bxf7+ Kxf7 20. Ng5+ Kf8 21. Qxd6+ Qe7 22. Qxe7+ Rxe7 23. axb5 Bxb5 24. N5xe4 Nd5 25. Rd1 Nf4 26. Be3 Rc7 27. Bc5+ Kg8 28. Nd6 Be2 29. Rd2 Bg4 30. Nge4 Ne6 31. Bb6 Rc6 32. Be3 Bf5 33. b5 Bxe4 34. Nxe4 Rc4 35. Nd6 Rxc3 36. b6 Nc5 37. Rd5 Rd3 38. Rxd3 Nxd3 39. b7 Rd8 40. Nc8 e4 41. b8Q Bxa1 42. Ne7+ 1-0

[Event "NOR-ch U20"]
[Site "Stavanger"]
[Date "2017.07.02"]
[Round "2"]
[White "Ranaldi, Lucas"]
[Black "Olsen, Ulrik"]
[Result "1-0"]
[WhiteElo "2269"]
[BlackElo "1913"]
[PlyCount "51"]
[EventDate "2017.07.01"]
[EventType "swiss"]
[EventRounds "9"]
[EventCountry "NOR"]
[SourceTitle "EXT 2018"]
[Source "ChessBase"]
[SourceDate "2017.10.13"]
[SourceVersion "1"]
[SourceVersionDate "2017.10.13"]
[SourceQuality "1"]

1. d4 Nf6 2. c4 g6 3. Nc3 d5 4. Nf3 Bg7 5. Bg5 Ne4 6. Bh4 Nxc3 7. bxc3 dxc4 8. e3 b5 9. a4 c6 10. Qb1 Bf5 11. e4 Bd7 12. Bxc4 Qa5 13. 0-0 Qb6 14. axb5 cxb5 15. Qb3 e6 16. Rfb1 a6 17. Qa3 Bf8 18. Qc1 Qc6 19. Bf6 Rg8 20. Bd3 b4 21. c4 a5 22. c5 Qb7 23. Qc4 Ra6 24. Be5 Bc8 25. Bxb8 Qxb8 26. Qb5+ 1-0

[Event "Malmo op"]
[Site "Malmo"]
[Date "2016.12.17"]
[Round "3"]
[White "Olsen, Ulrik"]
[Black "Lindgren, Philip"]
[Result "0-1"]
[WhiteElo "1937"]
[BlackElo "2424"]
[PlyCount "152"]
[EventDate "2016.12.16"]
[EventType "swiss"]
[EventRounds "7"]
[EventCountry "SWE"]
[SourceTitle "CBM 176 Extra"]
[Source "ChessBase"]
[SourceDate "2017.03.02"]
[SourceVersion "1"]
[SourceVersionDate "2017.03.02"]
[SourceQuality "1"]

1. Nf3 d5 2. g3 c6 3. Bg2 Bg4 4. 0-0 e6 5. d4 Nd7 6. Bf4 Ngf6 7. Ne5 Nxe5 8. Bxe5 Nd7 9. Bf4 Qb6 10. b3 Be7 11. c3 0-0 12. Nd2 Rac8 13. Bf3 Bxf3 14. Nxf3 c5 15. Rc1 Rfd8 16. Qd2 Nf6 17. Rfd1 Ne4 18. Qb2 Qa6 19. a4 c4 20. Nd2 Nxd2 21. Rxd2 cxb3 22. Qxb3 Rc4 23. Ra2 Rdc8 24. Rb1 b6 25. Qb5 Qb7 26. Bd2 R4c6 27. Qd3 Rc4 28. f3 a6 29. e4 Bd8 30. Rb4 Qd7 31. Rxc4 Rxc4 32. exd5 exd5 33. Qc2 h6 34. Qb3 Qf5 35. Kf2 Qd3 36. a5 b5 37. Qd1 Rxc3 38. Qe1 Qxd4+ 39. Kg2 Rd3 40. Bxh6 gxh6 41. Qe8+ Kg7 42. Qxd8 Rd2+ 43. Rxd2 Qxd2+ 44. Kh3 Qe2 45. Qb6 Qe6+ 46. Kg2 Qf6 47. Qc5 d4 48. Qc8 d3 49. Qg4+ Kh7 50. Qe4+ Qg6 51. Qd4 Qf5 52. Kf2 Kg6 53. Qd6+ Kg7 54. Qd4+ Kh7 55. Ke3 h5 56. Qd6 Qe6+ 57. Qxe6 fxe6 58. Kxd3 Kg6 59. Kd4 Kf5 60. Kc5 e5 61. h3 Kg5 62. Kd5 Kf5 63. Kc5 Kg5 64. Kd5 Kf5 65. Kc5 e4 66. fxe4+ Kxe4 67. g4 hxg4 68. hxg4 Kf4 69. g5 Kxg5 70. Kb6 b4 71. Kxa6 b3 72. Ka7 b2 73. a6 b1Q 74. Ka8 Qe4+ 75. Kb8 Qe5+ 76. Kb7 Qb5+ 0-1

[Event "Oslo op"]
[Site "Fornebu"]
[Date "2016.10.04"]
[Round "6"]
[White "Dolzhikova, Kateryna"]
[Black "Olsen, Ulrik"]
[Result "1-0"]
[WhiteElo "2267"]
[BlackElo "1871"]
[PlyCount "63"]
[EventDate "2016.09.30"]
[EventType "swiss"]
[EventRounds "9"]
[EventCountry "NOR"]
[SourceTitle "EXT 2017"]
[Source "ChessBase"]
[SourceDate "2016.10.25"]
[SourceVersion "1"]
[SourceVersionDate "2016.10.25"]
[SourceQuality "1"]

1. e4 e5 2. Nf3 Nc6 3. Nc3 Nf6 4. d4 exd4 5. Nxd4 Bb4 6. Nxc6 bxc6 7. Bd3 0-0 8. 0-0 d5 9. exd5 cxd5 10. Bg5 c6 11. Qf3 Be7 12. Rfe1 h6 13. Bxh6 gxh6 14. Qe3 Ne4 15. Nxe4 Bg5 16. Nxg5 Qxg5 17. Qxg5+ hxg5 18. Re5 f6 19. Re7 Rf7 20. Rae1 Kg7 21. Re8 Bb7 22. b4 Rxe8 23. Rxe8 Rc7 24. Kf1 Kf7 25. Rh8 Ke6 26. g3 a6 27. h4 gxh4 28. gxh4 c5 29. bxc5 Rxc5 30. h5 d4 31. h6 Rh5 32. h7 1-0

[Event "Oslo op"]
[Site "Fornebu"]
[Date "2016.09.30"]
[Round "4"]
[White "Stray, Gunnar"]
[Black "Olsen, Ulrik"]
[Result "1/2-1/2"]
[WhiteElo "2066"]
[BlackElo "1871"]
[PlyCount "54"]
[EventDate "2016.09.30"]
[EventType "swiss"]
[EventRounds "9"]
[EventCountry "NOR"]
[SourceTitle "EXT 2018"]
[Source "ChessBase"]
[SourceDate "2017.10.13"]
[SourceVersion "1"]
[SourceVersionDate "2017.10.13"]
[SourceQuality "1"]

1. d4 d5 2. Nf3 Nf6 3. g3 c6 4. Bg2 h6 5. 0-0 Bf5 6. b3 g5 7. Bb2 Bg7 8. Nbd2 0-0 9. Ne5 Nbd7 10. f4 Ng4 11. Nxg4 Bxg4 12. h3 Bh5 13. g4 Bg6 14. fxg5 hxg5 15. e4 Qb6 16. exd5 Bxd4+ 17. Bxd4 Qxd4+ 18. Kh1 cxd5 19. Nf3 Qxd1 20. Raxd1 Nb6 21. Nxg5 Bxc2 22. Rd2 Bg6 23. h4 e6 24. h5 Bh7 25. Rdf2 Bd3 26. Rd1 Bh7 27. Rdf1 Bd3 1/2-1/2

[Event "NOR-ch U20"]
[Site "Tromsoe"]
[Date "2016.07.11"]
[Round "3"]
[White "Nordquelle, Daniel"]
[Black "Olsen, Ulrik"]
[Result "1/2-1/2"]
[WhiteElo "2032"]
[BlackElo "1789"]
[PlyCount "129"]
[EventDate "2016.07.09"]
[EventType "swiss"]
[EventRounds "9"]
[EventCountry "NOR"]
[SourceTitle "EXT 2024"]
[Source "ChessBase"]
[SourceDate "2023.10.10"]
[SourceVersion "1"]
[SourceVersionDate "2023.10.10"]
[SourceQuality "1"]

1. e4 e5 2. Nf3 Nc6 3. Bc4 Nf6 4. Ng5 d5 5. exd5 Na5 6. Bb5+ c6 7. dxc6 bxc6 8. Qf3 Bb7 9. Bd3 Be7 10. Nc3 0-0 11. a3 c5 12. Nge4 Nd5 13. Qf5 f6 14. Nxd5 Qxd5 15. Ng3 g6 16. Qe4 Qd7 17. Qe2 Bxg2 18. Rg1 Bd5 19. Nf5 Kh8 20. Ne3 Bb7 21. b3 Nc6 22. Bb2 Nd4 23. Bxd4 exd4 24. Nc4 Rae8 25. 0-0-0 Bd6 26. Qg4 Qxg4 27. Rxg4 Bf3 28. Rh4 Bxd1 29. Kxd1 Bc7 30. Bxg6 Re7 31. Bd3 Rg8 32. Kc1 Rg2 33. f4 Rf2 34. Rh5 Bxf4 35. Rf5 Bxd2+ 36. Nxd2 Re1+ 37. Kb2 Rxd2 38. b4 cxb4 39. axb4 Rxh2 40. Rxf6 Re7 41. Rd6 Rh4 42. Kb3 Rc7 43. b5 Kg7 44. Rc6 Rf7 45. Kc4 Rhf4 46. Rc5 h6 47. Rh5 Rd7 48. Kc5 Rdf7 49. Kd5 Rg4 50. Rh1 Rf8 51. Ra1 Ra8 52. Kc6 Rf4 53. b6 Rf7 54. b7 Rb8 55. Rxa7 h5 56. Be4 Kf6 57. Kb6 Ke5 58. Ra8 Rff8 59. Kc7 Rbe8 60. Bf3 Rxa8 61. bxa8Q Rxa8 62. Bxa8 d3 63. cxd3 Kd4 64. Be4 h4 65. Kc6 1/2-1/2

[Event "NOR-ch U16-A"]
[Site "Oslo"]
[Date "2015.07.07"]
[Round "5"]
[White "Bo, Torgeir H"]
[Black "Olsen, Ulrik"]
[Result "1-0"]
[WhiteElo "1354"]
[BlackElo "1829"]
[PlyCount "57"]
[EventDate "2015.07.04"]
[EventType "swiss"]
[EventRounds "9"]
[EventCountry "NOR"]
[SourceTitle "EXT 2017"]
[Source "ChessBase"]
[SourceDate "2016.10.25"]
[SourceVersion "1"]
[SourceVersionDate "2016.10.25"]
[SourceQuality "1"]

1. f4 d5 2. Nf3 Nf6 3. d3 c5 4. e3 Nc6 5. Be2 g6 6. 0-0 Bg7 7. Qe1 0-0 8. Nbd2 Re8 9. a3 e5 10. fxe5 Nxe5 11. Nxe5 Rxe5 12. Nf3 Re7 13. Qh4 Qe8 14. Ng5 h6 15. e4 dxe4 16. Nh3 exd3 17. Bxd3 Ng4 18. Bd2 Ne3 19. Rfe1 Bd4 20. Kh1 Qc6 21. Bxe3 Rxe3 22. Rxe3 Bxe3 23. Re1 Bd4 24. Qxh6 Bxh3 25. Qxh3 Bxb2 26. Bc4 Qf6 27. Rf1 Qg5 28. Rxf7 Qc1+ 29. Rf1+ 1-0

[Event "Oslo Sveins op 8th"]
[Site "Oslo"]
[Date "2015.06.21"]
[Round "4"]
[White "Hansen, Lars Henrik Bech"]
[Black "Olsen, Ulrik"]
[Result "1-0"]
[WhiteElo "1993"]
[BlackElo "1816"]
[PlyCount "55"]
[EventDate "2015.06.19"]
[EventType "swiss"]
[EventRounds "9"]
[EventCountry "NOR"]
[SourceTitle "CBM 167 Extra"]
[Source "ChessBase"]
[SourceDate "2015.09.14"]
[SourceVersion "1"]
[SourceVersionDate "2015.09.14"]
[SourceQuality "1"]

1. e4 e5 2. Nf3 Nc6 3. d4 exd4 4. Bc4 Nf6 5. e5 d5 6. Bb5 Ne4 7. Nxd4 Bd7 8. Bxc6 bxc6 9. 0-0 c5 10. Ne2 Bc6 11. f3 Ng5 12. f4 Ne4 13. Nd2 Nxd2 14. Bxd2 d4 15. f5 Be7 16. Nf4 Bg5 17. Qg4 Bxf4 18. Bxf4 Qd5 19. Bg5 h5 20. Qh3 0-0 21. Rae1 Rae8 22. Bf4 f6 23. e6 Qxa2 24. Bxc7 Rc8 25. Bd6 Rfe8 26. Qxh5 Qa5 27. Qf7+ Kh8 28. Rd1 1-0

[Event "Oslo Sveins op 8th"]
[Site "Oslo"]
[Date "2015.06.20"]
[Round "2"]
[White "Nass, Maria"]
[Black "Olsen, Ulrik"]
[Result "0-1"]
[WhiteElo "1520"]
[BlackElo "1816"]
[PlyCount "106"]
[EventDate "2015.06.19"]
[EventType "swiss"]
[EventRounds "9"]
[EventCountry "NOR"]
[SourceTitle "CBM 167 Extra"]
[Source "ChessBase"]
[SourceDate "2015.09.14"]
[SourceVersion "1"]
[SourceVersionDate "2015.09.14"]
[SourceQuality "1"]

1. e4 e5 2. Nf3 Nc6 3. Nc3 Nf6 4. d4 exd4 5. Nxd4 Bb4 6. Nxc6 bxc6 7. Bd3 0-0 8. 0-0 d5 9. exd5 cxd5 10. h3 c6 11. Qf3 h6 12. Ne2 Re8 13. Nd4 Bd7 14. Nf5 Bxf5 15. Qxf5 Ne4 16. Qg4 Qf6 17. Qf4 Re6 18. Qxf6 Nxf6 19. c3 Bc5 20. Bd2 Rae8 21. Rae1 Ne4 22. Bxe4 dxe4 23. Be3 Bxe3 24. Rxe3 Rd8 25. Re2 f5 26. f3 e3 27. f4 Rd2 28. Rfe1 Re4 29. g3 Kf7 30. Kf1 g5 31. fxg5 hxg5 32. Rxd2 exd2 33. Rd1 Re3 34. Rxd2 Rxg3 35. Rd7+ Ke6 36. Rxa7 Rxh3 37. a4 Rh1+ 38. Kg2 Ra1 39. Ra6 Ra2 40. Rxc6+ Kd5 41. Rg6 Rxb2+ 42. Kg3 g4 43. Rf6 Ke5 44. Rc6 Rd2 45. a5 Rd3+ 46. Kg2 Kf4 47. Rc4+ Ke3 48. a6 f4 49. a7 Rd2+ 50. Kf1 Ra2 51. Rc7 Kf3 52. Ke1 g3 53. Rd7 g2 0-1

[Event "NOR-ch U14"]
[Site "Hamar"]
[Date "2013.11.16"]
[Round "3"]
[White "Myraunet, Anne Margrete"]
[Black "Olsen, Ulrik"]
[Result "0-1"]
[WhiteElo "655"]
[BlackElo "1707"]
[PlyCount "96"]
[EventDate "2013.11.15"]
[EventType "swiss"]
[EventRounds "7"]
[EventCountry "NOR"]
[SourceTitle "EXT 2024"]
[Source "ChessBase"]
[SourceDate "2023.10.10"]
[SourceVersion "1"]
[SourceVersionDate "2023.10.10"]
[SourceQuality "1"]

1. e4 e5 2. Nf3 Nc6 3. Bc4 Nf6 4. Nc3 Be7 5. 0-0 0-0 6. d4 exd4 7. Nxd4 d6 8. Nxc6 bxc6 9. Bg5 Bb7 10. Bxf6 Bxf6 11. Qd3 Be5 12. f4 Bxc3 13. Qxc3 d5 14. exd5 cxd5 15. Rad1 c6 16. Qb4 Bc8 17. Qc5 Be6 18. Qxc6 Rc8 19. Qb7 Rxc4 20. Rd2 Qb6+ 21. Qxb6 axb6 22. b3 Rc5 23. b4 Rc4 24. f5 Bc8 25. a3 Rd8 26. Re1 Kf8 27. Red1 Bb7 28. Rc1 Rdc8 29. h3 d4 30. Rcd1 Rxc2 31. Rxc2 Rxc2 32. Rxd4 Rxg2+ 33. Kf1 Ke7 34. a4 Rg3 35. h4 Rf3+ 36. Ke1 Rxf5 37. Rg4 g6 38. Rg3 Re5+ 39. Kf2 Re4 40. Re3 Rxe3 41. Kxe3 Kd6 42. Kd4 f5 43. Ke3 Kd5 44. Kf4 Kc4 45. a5 b5 46. a6 Bxa6 47. Kg5 Kxb4 48. Kh6 f4 0-1

[Event "Oslo Vederhus Memorial op B"]
[Site "Oslo"]
[Date "2013.09.29"]
[Round "2"]
[White "Olsen, Ulrik"]
[Black "Lien, Johan"]
[Result "1-0"]
[WhiteElo "1731"]
[BlackElo "1398"]
[PlyCount "39"]
[EventDate "2013.09.29"]
[EventType "swiss"]
[EventRounds "9"]
[EventCountry "NOR"]
[SourceTitle "EXT 2024"]
[Source "ChessBase"]
[SourceDate "2023.10.10"]
[SourceVersion "1"]
[SourceVersionDate "2023.10.10"]
[SourceQuality "1"]

1. e4 e5 2. Nf3 Nc6 3. Bb5 a6 4. Ba4 Nf6 5. 0-0 Bc5 6. d3 b5 7. Bb3 0-0 8. c3 d6 9. Re1 Bg4 10. Nbd2 Bxf3 11. Nxf3 b4 12. Bg5 h6 13. Bh4 g5 14. Bg3 a5 15. Rc1 Qd7 16. d4 exd4 17. cxd4 Bb6 18. Ba4 d5 19. Bxc6 Qd6 20. Bxd6 1-0

[Event "Wch U14"]
[Site "Maribor"]
[Date "2012.11.17"]
[Round "10.66"]
[White "Kodric, Tilen"]
[Black "Olsen, Ulrik"]
[Result "0-1"]
[WhiteElo "1497"]
[BlackElo "1761"]
[PlyCount "93"]
[EventDate "2012.11.08"]
[EventType "swiss"]
[EventRounds "11"]
[EventCountry "SLO"]
[SourceTitle "EXT 2013"]
[Source "ChessBase"]
[SourceDate "2012.11.22"]
[SourceVersion "1"]
[SourceVersionDate "2012.11.22"]
[SourceQuality "1"]

1. e4 e5 2. Nf3 Nc6 3. Bb5 a6 4. Ba4 Nf6 5. 0-0 Be7 6. Re1 b5 7. Bb3 d6 8. h3 0-0 9. c3 Na5 10. Bc2 c5 11. d4 Qc7 12. Nbd2 Nc6 13. d5 Nd8 14. a4 Rb8 15. c4 Bd7 16. b3 Ne8 17. axb5 axb5 18. Nf1 f6 19. Ng3 g6 20. Nh2 Nf7 21. h4 Ng7 22. Be3 bxc4 23. bxc4 Rb7 24. Qd3 Rfb8 25. Reb1 Rxb1+ 26. Bxb1 Qc8 27. Ne2 f5 28. g3 fxe4 29. Qd1 Bf5 30. Ra7 Rb7 31. Rxb7 Qxb7 32. Qc1 Qb4 33. Bd2 Qb3 34. Be3 Bd8 35. Nf1 Ba5 36. Nh2 Bc8 37. Bxe4 Ba6 38. Qa1 Qxc4 39. Qxa5 Qxe2 40. Qb6 Nf5 41. Qb8+ Kg7 42. Bxf5 gxf5 43. Qa7 Qd1+ 44. Kg2 Qxd5+ 45. Nf3 Bb7 46. Qb8 Qxf3+ 47. Kf1 0-1

[Event "Wch U14"]
[Site "Maribor"]
[Date "2012.11.10"]
[Round "3.50"]
[White "Olsen, Ulrik"]
[Black "Loh, Zachary"]
[Result "0-1"]
[WhiteElo "1761"]
[BlackElo "1953"]
[PlyCount "140"]
[EventDate "2012.11.08"]
[EventType "swiss"]
[EventRounds "11"]
[EventCountry "SLO"]
[SourceTitle "EXT 2013"]
[Source "ChessBase"]
[SourceDate "2012.11.22"]
[SourceVersion "1"]
[SourceVersionDate "2012.11.22"]
[SourceQuality "1"]

1. e4 c6 2. Nf3 d5 3. Nc3 dxe4 4. Nxe4 Nf6 5. Ng3 Nbd7 6. d4 e6 7. Bd3 Bd6 8. 0-0 0-0 9. c3 b6 10. Qc2 Bb7 11. Rd1 Qc7 12. Ng5 h6 13. N5e4 Nxe4 14. Bxe4 Nf6 15. Bf3 Rac8 16. Be3 Nd5 17. Bxd5 cxd5 18. Qe2 f5 19. f4 Rce8 20. Rf1 Qc8 21. Qd2 Ba6 22. Rfe1 b5 23. a3 Bb7 24. Rac1 a5 25. Ne2 Ba6 26. Ra1 Qb7 27. Nc1 b4 28. axb4 axb4 29. Nd3 bxc3 30. bxc3 Bxd3 31. Qxd3 Rc8 32. Bd2 Qc7 33. Qf1 Rf6 34. g3 Rg6 35. Qf3 Qc4 36. Qf1 Qb3 37. Qa6 Rd8 38. Qd3 Qb8 39. Reb1 Qc7 40. Qf1 h5 41. Qf3 h4 42. Kf2 Rg4 43. Rg1 Rb8 44. Qe3 Qe7 45. Rge1 Re8 46. Reb1 g5 47. Qf3 hxg3+ 48. hxg3 gxf4 49. Bxf4 Bxf4 50. gxf4 Qh4+ 51. Ke3 Qh2 52. Rh1 Qb2 53. Rac1 Rc8 54. Kd3 Qb5+ 55. Kd2 Ra8 56. Rc2 Qb8 57. Rf1 Ra7 58. Rf2 Rag7 59. Qe3 Qb6 60. Rf3 Rg2+ 61. Rf2 Rg1 62. Qe2 R7g4 63. Qe3 R4g3 64. Qe2 Rg4 65. Qe3 Kf7 66. Qe2 Qb1 67. Qf3 Qe1+ 68. Kd3 R4g3 69. Qxg3 Rxg3+ 70. Rf3 Rxf3# 0-1

[Event "Wch U14"]
[Site "Maribor"]
[Date "2012.11.08"]
[Round "1.36"]
[White "Olsen, Ulrik"]
[Black "Huber, Martin Christian"]
[Result "0-1"]
[WhiteElo "1761"]
[BlackElo "2150"]
[PlyCount "74"]
[EventDate "2012.11.08"]
[EventType "swiss"]
[EventRounds "11"]
[EventCountry "SLO"]
[SourceTitle "EXT 2013"]
[Source "ChessBase"]
[SourceDate "2012.11.22"]
[SourceVersion "1"]
[SourceVersionDate "2012.11.22"]
[SourceQuality "1"]

1. e4 c5 2. Nf3 e6 3. d4 cxd4 4. Nxd4 Nc6 5. c4 Nf6 6. Nc3 Bb4 7. f3 0-0 8. Be3 d5 9. Nxc6 bxc6 10. e5 Nd7 11. f4 f6 12. Qh5 fxe5 13. fxe5 Rf5 14. Qh3 Nxe5 15. Bd4 c5 16. Bxe5 Rxe5+ 17. Be2 d4 18. 0-0 dxc3 19. Rad1 Qc7 20. Qg3 Ba5 21. Qf4 Bb7 22. Rf2 cxb2 23. Rdf1 Rf5 24. Qxc7 Bxc7 25. Rxf5 exf5 26. Bd3 g6 27. Re1 Rd8 28. Bb1 Ba5 29. Rf1 Rd2 30. Rf2 Rxf2 31. Kxf2 Be4 32. Bxe4 fxe4 33. Kg3 b1Q 34. Kg4 e3 35. Kg5 Qf5+ 36. Kh4 Be1+ 37. g3 Qh5# 0-1

[Event "Oslo Sveins op 5th"]
[Site "Oslo"]
[Date "2012.06.22"]
[Round "3"]
[White "Machlik, Jon"]
[Black "Olsen, Ulrik"]
[Result "1/2-1/2"]
[WhiteElo "1701"]
[BlackElo "1718"]
[PlyCount "79"]
[EventDate "2012.06.22"]
[EventType "swiss"]
[EventRounds "9"]
[EventCountry "NOR"]
[SourceTitle "CBM 149 Extra"]
[Source "ChessBase"]
[SourceDate "2012.08.24"]
[SourceVersion "1"]
[SourceVersionDate "2012.08.24"]
[SourceQuality "1"]

1. e4 e5 2. Nf3 Nc6 3. Bc4 Nf6 4. Ng5 d5 5. exd5 Na5 6. Bb5+ Bd7 7. Qe2 Bd6 8. d4 0-0 9. Bxd7 Qxd7 10. Qd3 h6 11. Ne4 Nxd5 12. 0-0 Nb4 13. Qd1 exd4 14. Bxh6 Qf5 15. Nxd6 cxd6 16. Qxd4 gxh6 17. Qxb4 Kh7 18. Nc3 Rae8 19. Rad1 Rg8 20. Rd3 Nc6 21. Qxb7 Ne5 22. Rg3 Rb8 23. Qxa7 Rxb2 24. Rxg8 Kxg8 25. Qa8+ Kh7 26. Qe4 Qxe4 27. Nxe4 Rxa2 28. Nxd6 Rxc2 29. h3 Kg6 30. f4 Nc4 31. Ne4 Ne3 32. Rf2 Rxf2 33. Kxf2 Nd5 34. Kf3 f5 35. Nd6 h5 36. Nxf5 Kxf5 37. g4+ Kg6 38. gxh5+ Kxh5 39. Ke4 Nxf4 40. Kxf4 1/2-1/2